[Event "Fagernes op"]
[Site "Fagernes"]
[Date "2022.04.12"]
[Round "4"]
[White "Galinsky, Timofey"]
[Black "Elmi, Saad Abobaker"]
[Result "1-0"]
[WhiteElo "2358"]
[BlackElo "2092"]
[PlyCount "87"]
[EventDate "2022.04.10"]
[EventType "swiss"]
[EventRounds "9"]
[EventCountry "NOR"]
[SourceTitle "CBM 207 Extra"]
[Source "ChessBase"]
[SourceDate "2022.05.31"]
[SourceVersion "1"]
[SourceVersionDate "2022.05.31"]
[SourceQuality "1"]

1. Nf3 Nf6 2. d3 c5 3. e4 d6 4. g3 b6 5. Bg2 Bb7 6. 0-0 g6 7. Be3 Bg7 8. Qc1 0-0 9. Bh6 c4 10. Nc3 cxd3 11. cxd3 Nbd7 12. Bxg7 Kxg7 13. Re1 Rc8 14. Qd2 Ne5 15. d4 Nxf3+ 16. Bxf3 Nd7 17. Bg2 a6 18. h4 e6 19. a4 Qe7 20. f4 Rc7 21. Re3 Rfc8 22. Bh3 Kh8 23. Rf1 Nf6 24. d5 Rd8 25. dxe6 fxe6 26. Rd1 e5 27. Nd5 Bxd5 28. exd5 Rc5 29. Be6 Qc7 30. fxe5 dxe5 31. Qe1 e4 32. Qb4 Rc4 33. Qa3 Qd6 34. Qxd6 Rxd6 35. Rc3 Rxc3 36. bxc3 Ne8 37. Rf1 Rd8 38. Rf8+ Kg7 39. Rf7+ Kh8 40. Rb7 Nf6 41. c4 Nh5 42. Rxb6 Nxg3 43. Kf2 Nh5 44. Ke3 1-0

[Event "Fagernes op"]
[Site "Fagernes"]
[Date "2022.04.11"]
[Round "2"]
[White "Galinsky, Timofey"]
[Black "Hakobyan, Aram"]
[Result "0-1"]
[WhiteElo "2358"]
[BlackElo "2612"]
[PlyCount "190"]
[EventDate "2022.04.10"]
[EventType "swiss"]
[EventRounds "9"]
[EventCountry "NOR"]
[SourceTitle "CBM 207 Extra"]
[Source "ChessBase"]
[SourceDate "2022.05.31"]
[SourceVersion "1"]
[SourceVersionDate "2022.05.31"]
[SourceQuality "1"]

1. Nf3 Nf6 2. d3 d5 3. Nbd2 Bf5 4. c4 e6 5. Nh4 Bg4 6. h3 Bh5 7. g4 Bg6 8. cxd5 exd5 9. Bg2 c6 10. Ndf3 Nbd7 11. 0-0 Bc5 12. Rb1 a5 13. a3 a4 14. b4 axb3 15. Rxb3 Ra7 16. e4 dxe4 17. Nxg6 hxg6 18. dxe4 0-0 19. Rd3 Qb6 20. Qc2 Rd8 21. Bg5 Re8 22. Rb1 Qa5 23. Bd2 Qc7 24. Ng5 b6 25. Be3 Bxe3 26. Rxe3 Nc5 27. e5 Rxe5 28. Rxe5 Qxe5 29. Nf3 Qc7 30. Nd4 Rxa3 31. Nxc6 Ne6 32. Nd4 Qxc2 33. Nxc2 Rc3 34. Ne3 Nd7 35. Nd5 Ra3 36. Nxb6 Ne5 37. Nd5 g5 38. Ne3 g6 39. Nd5 Kg7 40. Rd1 Ra2 41. Nb4 Ra3 42. Nd5 Rb3 43. Re1 Nd3 44. Rd1 Nec5 45. Bf1 Ne5 46. Ne3 Rb2 47. Nc4 Nf3+ 48. Kg2 Nh4+ 49. Kg1 Ra2 50. Nd6 Nf3+ 51. Kg2 Ra3 52. Bc4 Ne5 53. Rd5 Ncd3 54. Bxd3 Nxd3 55. Rb5 Nf4+ 56. Kg1 Nxh3+ 57. Kg2 Nf4+ 58. Kg1 Ne6 59. Rb7 Rf3 60. Kg2 Rf4 61. Kg3 Nd4 62. Re7 Nc6 63. Re4 Nd4 64. Re7 Rf6 65. Ne8+ Kf8 66. Nxf6 Kxe7 67. Ne4 f6 68. f3 Ke6 69. Kf2 Ke5 70. Ke3 Nc2+ 71. Kf2 Nb4 72. Nc5 Nd5 73. Kg3 Kd4 74. Ne6+ Ke5 75. Nf8 Nf4 76. Nd7+ Ke6 77. Nc5+ Kd6 78. Ne4+ Ke5 79. Kf2 Ne6 80. Ke3 f5 81. gxf5 gxf5 82. Nd2 Kd5 83. Nb1 Kc4 84. Nd2+ Kc3 85. Nb1+ Kc4 86. Nd2+ Kd5 87. Nb1 f4+ 88. Ke2 Nd4+ 89. Kf2 Kc4 90. Nd2+ Kd3 91. Ne4 g4 92. Nf6 g3+ 93. Kg2 Nf5 94. Ne4 Nh4+ 95. Kh3 g2 0-1

[Event "Fagernes op"]
[Site "Fagernes"]
[Date "2022.04.10"]
[Round "1"]
[White "Perkampus, Laurin"]
[Black "Galinsky, Timofey"]
[Result "0-1"]
[WhiteElo "2061"]
[BlackElo "2358"]
[PlyCount "82"]
[EventDate "2022.04.10"]
[EventType "swiss"]
[EventRounds "9"]
[EventCountry "NOR"]
[SourceTitle "CBM 207 Extra"]
[Source "ChessBase"]
[SourceDate "2022.05.31"]
[SourceVersion "1"]
[SourceVersionDate "2022.05.31"]
[SourceQuality "1"]

1. d4 e6 2. c4 f5 3. Nf3 Nf6 4. g3 d5 5. Bg2 c6 6. 0-0 Bd6 7. b3 Nbd7 8. Ba3 Qe7 9. Bxd6 Qxd6 10. Nc3 0-0 11. Qc2 Ne4 12. Rad1 b6 13. Nd2 Nxd2 14. Qxd2 Ba6 15. cxd5 cxd5 16. Rfe1 Rac8 17. Rc1 Rc7 18. Na4 Rfc8 19. e3 Qa3 20. Rxc7 Rxc7 21. f3 Nf6 22. e4 fxe4 23. fxe4 dxe4 24. Bxe4 Nxe4 25. Rxe4 Qc1+ 26. Qe1 Qxe1+ 27. Rxe1 Kf7 28. Rd1 Rc2 29. d5 b5 30. d6 Ke8 31. d7+ Kd8 32. Rd6 Bb7 33. Nb6 axb6 34. Rxb6 Bc6 35. a4 bxa4 36. bxa4 Kxd7 37. Ra6 Rg2+ 38. Kf1 Rxh2 39. Ra7+ Kd6 40. Rxg7 Bxa4 41. g4 Bc2 0-1

[Event "Fagernes op"]
[Site "Fagernes"]
[Date "2020.10.10"]
[Round "8"]
[White "Krivenko, Dion"]
[Black "Galinsky, Timofey"]
[Result "1/2-1/2"]
[WhiteElo "2047"]
[BlackElo "2370"]
[PlyCount "116"]
[EventDate "2020.10.04"]
[EventType "swiss"]
[EventRounds "9"]
[EventCountry "NOR"]
[SourceTitle "EXT 2021"]
[Source "ChessBase"]
[SourceDate "2020.10.23"]
[SourceVersion "1"]
[SourceVersionDate "2020.10.23"]
[SourceQuality "1"]

1. e4 e6 2. b3 d5 3. Bb2 Nf6 4. e5 Nfd7 5. f4 c5 6. Qh5 Nc6 7. Nf3 g6 8. Qh3 Bg7 9. Be2 a6 10. Na3 Qe7 11. c3 b5 12. Nc2 Bb7 13. 0-0 Rc8 14. Rac1 h6 15. d4 0-0 16. Ne3 Rfd8 17. Ng4 Qf8 18. Bd3 b4 19. cxb4 Nxb4 20. Bb1 cxd4 21. Nxd4 Nc6 22. Nf3 a5 23. Nh4 Nc5 24. f5 exf5 25. Bxf5 g5 26. Bxc8 Bxc8 27. Nf5 Bxf5 28. Rxf5 Ne7 29. Rff1 Ne6 30. Ba3 Qe8 31. Bxe7 Qxe7 32. Nxh6+ Bxh6 33. Qxh6 d4 34. Qf6 Qxf6 35. exf6 Kh7 36. g3 Kg6 37. Kg2 Rd5 38. Rce1 Nc5 39. Rf3 Nd7 40. Ref1 Ne5 41. Rf5 g4 42. R5f4 d3 43. Rd1 Rc5 44. Rf2 Rc2 45. Kf1 Rc3 46. Kg2 Rc2 47. Kf1 Rc3 48. Kg2 Rc2 49. Rfd2 Kxf6 50. Kf2 Ke6 51. Ke3 Rc8 52. Kf4 Rc2 53. Ke3 Rc8 54. Kf4 Rc2 55. Ke3 Rc8 56. Rxd3 Nxd3 57. Rxd3 Ke5 58. Rd2 Rh8 1/2-1/2

[Event "NOR-chT Club"]
[Site "Drammen"]
[Date "2019.05.31"]
[Round "2.1"]
[White "Galinsky, Timofey"]
[Black "Andersen, Dag"]
[Result "1-0"]
[WhiteElo "2382"]
[BlackElo "1845"]
[PlyCount "73"]
[EventDate "2019.05.30"]
[EventType "team-swiss"]
[EventRounds "6"]
[EventCountry "NOR"]
[SourceTitle "CBM 190 Extra"]
[Source "ChessBase"]
[SourceDate "2019.07.15"]
[SourceVersion "1"]
[SourceVersionDate "2019.07.15"]
[SourceQuality "1"]
[WhiteTeam "OSS"]
[BlackTeam "Sarpsborg"]
[WhiteTeamCountry "NOR"]
[BlackTeamCountry "NOR"]

1. Nf3 d5 2. d3 Nf6 3. g3 c6 4. Bg2 g6 5. Nbd2 Bg7 6. e4 dxe4 7. dxe4 Qc7 8. 0-0 0-0 9. Qe2 c5 10. Nc4 Bg4 11. h3 Bxf3 12. Bxf3 Nfd7 13. Bg2 Nc6 14. c3 Rad8 15. f4 a6 16. a4 e6 17. a5 Rfe8 18. Be3 Bf8 19. g4 Ncb8 20. g5 b5 21. axb6 Nxb6 22. Ne5 h5 23. gxh6 Bxh6 24. h4 N6d7 25. Nc4 Nf6 26. e5 Nh5 27. Qf2 Bf8 28. Be4 Rd7 29. Kh2 Be7 30. Rg1 Ng7 31. Qf3 Red8 32. h5 gxh5 33. Qxh5 f5 34. Rxg7+ Kxg7 35. Rg1+ Kf8 36. Qh8+ Kf7 37. Rg7# 1-0

[Event "Fagernes GM op"]
[Site "Fagernes"]
[Date "2019.04.21"]
[Round "9"]
[White "Galinsky, Timofey"]
[Black "Royset, Pal"]
[Result "1/2-1/2"]
[WhiteElo "2378"]
[BlackElo "2167"]
[PlyCount "36"]
[EventDate "2019.04.14"]
[EventType "swiss"]
[EventRounds "9"]
[EventCountry "NOR"]
[SourceTitle "CBM 189 Extra"]
[Source "ChessBase"]
[SourceDate "2019.06.03"]
[SourceVersion "1"]
[SourceVersionDate "2019.06.03"]
[SourceQuality "1"]

1. d4 Nf6 2. Nf3 g6 3. b3 Bg7 4. Bb2 0-0 5. e3 d5 6. Be2 c5 7. c3 Nc6 8. 0-0 Bf5 9. dxc5 Ne4 10. Nd4 Nxc5 11. Nxf5 gxf5 12. Nd2 e6 13. Rc1 Ne4 14. Qc2 Rc8 15. Nxe4 fxe4 16. c4 Bxb2 17. Qxb2 d4 18. exd4 Qxd4 1/2-1/2

[Event "NOR-chT 1819"]
[Site "Norway"]
[Date "2019.03.08"]
[Round "7.2"]
[White "Galinsky, Timofey"]
[Black "Nordquelle, Daniel"]
[Result "1-0"]
[WhiteElo "2359"]
[BlackElo "2213"]
[PlyCount "117"]
[EventDate "2018.11.02"]
[EventType "team-tourn"]
[EventRounds "9"]
[EventCountry "NOR"]
[SourceTitle "CBM 189 Extra"]
[Source "ChessBase"]
[SourceDate "2019.06.03"]
[SourceVersion "1"]
[SourceVersionDate "2019.06.03"]
[SourceQuality "1"]
[WhiteTeam "OSS"]
[BlackTeam "Nordstrand"]
[WhiteTeamCountry "NOR"]
[BlackTeamCountry "NOR"]

1. g3 d5 2. Bg2 Nf6 3. Nf3 Bf5 4. d3 h6 5. 0-0 e6 6. c4 Bd6 7. Nc3 c5 8. Nh4 Bg4 9. cxd5 g5 10. Qa4+ Kf8 11. dxe6 Nc6 12. Nf3 Bxe6 13. Bd2 a6 14. Ne4 b5 15. Qc2 Nxe4 16. dxe4 Rc8 17. Rfd1 Qe7 18. Be3 Kg7 19. a3 f6 20. h4 Rhd8 21. hxg5 hxg5 22. Qc3 Kg6 23. Rac1 Bc4 24. Qc2 Kg7 25. b3 Be6 26. Qb2 Kg6 27. Qb1 Kg7 28. Bd2 g4 29. Nh4 Nd4 30. e5 Bxe5 31. Bh6+ Kg8 32. Rxd4 cxd4 33. Rxc8 Rxc8 34. Qg6+ Kh8 35. Nf5 Bxf5 36. Qxf5 Rc7 37. Qxg4 Qh7 38. Bd5 f5 39. Qh4 Rd7 40. f4 Rxd5 41. fxe5 Qg6 42. Bg5+ Kg8 43. Bf6 Kf7 44. Kf2 a5 45. Qh1 Ke6 46. Qh8 Qf7 47. Qc8+ Qd7 48. Qg8+ Qf7 49. Qa8 Qd7 50. g4 Kf7 51. Qh8 fxg4 52. Qg7+ Ke6 53. Qg8+ Kf5 54. Kg3 Ke4 55. e6 Qd6+ 56. Kg2 Re5 57. Qh7+ Ke3 58. Bg5+ Rxg5 59. Qd3+ 1-0

[Event "Oslo Sveins op 11th"]
[Site "Oslo"]
[Date "2018.06.25"]
[Round "6"]
[White "Galinsky, Timofey"]
[Black "Ingebretsen, Jens E"]
[Result "1/2-1/2"]
[WhiteElo "2354"]
[BlackElo "1999"]
[PlyCount "55"]
[EventDate "2018.06.22"]
[EventType "swiss"]
[EventRounds "9"]
[EventCountry "NOR"]
[SourceTitle "CBM 185 Extra"]
[Source "ChessBase"]
[SourceDate "2018.07.29"]
[SourceVersion "1"]
[SourceVersionDate "2018.07.29"]
[SourceQuality "1"]

1. g3 Nf6 2. Bg2 d5 3. d3 c6 4. Nd2 e5 5. e4 dxe4 6. dxe4 Bg4 7. Bf3 Be6 8. Nb3 Qxd1+ 9. Kxd1 Nbd7 10. Be3 a5 11. Ne2 Ng4 12. Bxg4 Bxg4 13. Nd2 Bc5 14. Bxc5 Nxc5 15. f3 Bh3 16. Ke1 Ke7 17. Kf2 h5 18. Rhd1 Be6 19. Nc3 a4 20. Nf1 b5 21. b4 axb3 22. axb3 b4 23. Na2 Rab8 24. Ne3 g6 25. Nc1 Ra8 26. Na2 Rab8 27. Nc1 Ra8 28. Na2 1/2-1/2

[Event "Oslo Sveins op 11th"]
[Site "Oslo"]
[Date "2018.06.25"]
[Round "7"]
[White "Lindbol, Aleksander"]
[Black "Galinsky, Timofey"]
[Result "0-1"]
[WhiteElo "2182"]
[BlackElo "2354"]
[PlyCount "144"]
[EventDate "2018.06.22"]
[EventType "swiss"]
[EventRounds "9"]
[EventCountry "NOR"]
[SourceTitle "CBM 185 Extra"]
[Source "ChessBase"]
[SourceDate "2018.07.29"]
[SourceVersion "1"]
[SourceVersionDate "2018.07.29"]
[SourceQuality "1"]

1. c4 e6 2. Nf3 d5 3. g3 Nf6 4. Bg2 Nbd7 5. b3 c6 6. Bb2 Be7 7. 0-0 b6 8. d4 0-0 9. Nbd2 Bb7 10. Qc2 a5 11. e4 Qb8 12. e5 Ne8 13. cxd5 cxd5 14. Rfc1 Qa7 15. Qd1 Rc8 16. Rxc8 Bxc8 17. Rc1 Nc7 18. Bf1 Nb8 19. a3 Bd7 20. Rc2 Rc8 21. Qc1 Qb7 22. Nb1 Ne8 23. Rxc8 Qxc8 24. Qxc8 Bxc8 25. Nc3 Nc7 26. Ne1 Bd7 27. Nc2 f5 28. f4 Bc6 29. a4 Nba6 30. Kf2 Kf7 31. Ke3 g5 32. Ba3 Bxa3 33. Nxa3 gxf4+ 34. Kxf4 Nb4 35. h3 Be8 36. Be2 h6 37. g4 fxg4 38. hxg4 Kg7 39. Bf1 Bg6 40. Nab5 Nxb5 41. Nxb5 Bc2 42. Nc7 Kf7 43. Na8 Bxb3 44. Nxb6 Nc2 45. Nc8 Nxd4 46. Nd6+ Ke7 47. Nb7 Bxa4 48. Nxa5 Kd7 49. Nb7 Bc2 50. Nd6 Ke7 51. Nc8+ Kf8 52. Nd6 Nc6 53. g5 h5 54. Bh3 Ke7 55. Nc8+ Kd7 56. Nb6+ Kc7 57. Bxe6 Kxb6 58. Bxd5 Bg6 59. Bf3 Ne7 60. e6 Kc7 61. Ke5 Kd8 62. Kf6 Ke8 63. Kg7 h4 64. Kf6 h3 65. Ke5 Bf5 66. Kf4 Bxe6 67. Kg3 Nc8 68. Be2 Nd6 69. Bf1 Ne4+ 70. Kf3 h2 71. Bg2 Bd5 72. Ke3 Kf8 0-1

[Event "Fagernes TV2 GM op"]
[Site "Fagernes"]
[Date "2018.03.27"]
[Round "3"]
[White "Notkevich, Benjamin Arvola"]
[Black "Galinsky, Timofey"]
[Result "1-0"]
[WhiteElo "2451"]
[BlackElo "2365"]
[PlyCount "55"]
[EventDate "2018.03.25"]
[EventType "swiss"]
[EventRounds "9"]
[EventCountry "NOR"]
[SourceTitle "CBM 183 Extra"]
[Source "ChessBase"]
[SourceDate "2018.04.19"]
[SourceVersion "1"]
[SourceVersionDate "2018.04.19"]
[SourceQuality "1"]

1. d4 e6 2. c4 d5 3. Nc3 f5 4. Bf4 Nf6 5. e3 c6 6. Bd3 Be7 7. h3 Nbd7 8. cxd5 Nxd5 9. Nf3 Nxf4 10. exf4 0-0 11. 0-0 Nb6 12. Re1 Qd6 13. Qb3 Qb4 14. Bc2 Nd5 15. g3 Bd7 16. Ne5 Be8 17. Nd3 Qxd4 18. Nxd5 Qxd5 19. Qxb7 Qd8 20. Rad1 Bd6 21. Ne5 Bh5 22. Nxc6 Qc7 23. Qxc7 Bxc7 24. Rd7 Rf7 25. Ne7+ Kf8 26. Rxc7 Rxe7 27. Rxe7 Kxe7 28. Bxf5 1-0

[Event "NOR-ch rapid"]
[Site "Drammen"]
[Date "2018.01.06"]
[Round "4"]
[White "Stanford, Sheila Barth"]
[Black "Galinsky, Timofey"]
[Result "0-1"]
[WhiteElo "2178"]
[BlackElo "2376"]
[PlyCount "56"]
[EventDate "2018.01.06"]
[EventType "swiss (rapid)"]
[EventRounds "10"]
[EventCountry "NOR"]
[SourceTitle "CBM 182 Extra"]
[Source "ChessBase"]
[SourceDate "2018.02.23"]
[SourceVersion "1"]
[SourceVersionDate "2018.02.23"]
[SourceQuality "1"]

1. e4 e6 2. d4 d5 3. Nc3 dxe4 4. Nxe4 Be7 5. Nf3 Nf6 6. Bd3 Nbd7 7. Be3 b6 8. Qe2 Bb7 9. Nxf6+ Nxf6 10. 0-0-0 Qd5 11. Bb5+ Kf8 12. Kb1 Qh5 13. Bf4 Bd6 14. Be5 Rd8 15. h3 Bxf3 16. gxf3 Ke7 17. Qe3 Nd5 18. Qe4 f6 19. Bg3 Nc3+ 20. bxc3 Qxb5+ 21. Kc1 Ba3+ 22. Kd2 c5 23. Rhe1 Qc4 24. Qd3 Qxd3+ 25. Kxd3 b5 26. Rb1 a6 27. Rb3 c4+ 28. Ke3 Bb2 0-1

[Event "Gibraltar Masters 14th"]
[Site "Caleta"]
[Date "2016.02.04"]
[Round "10"]
[White "Galyas, Miklos"]
[Black "Galinsky, Timofey"]
[Result "1/2-1/2"]
[WhiteElo "2459"]
[BlackElo "2379"]
[PlyCount "101"]
[EventDate "2016.01.26"]
[EventType "swiss"]
[EventRounds "10"]
[EventCountry "GGB"]
[SourceTitle "CBM 171"]
[Source "ChessBase"]
[SourceDate "2016.03.14"]
[SourceVersion "2"]
[SourceVersionDate "2016.03.14"]
[SourceQuality "1"]

1. Nf3 d5 2. c4 e6 3. g3 Nf6 4. Bg2 dxc4 5. Qa4+ c6 6. Qxc4 b5 7. Qc2 Bb7 8. 0-0 Nbd7 9. Nc3 Rc8 10. a4 b4 11. Nd1 a5 12. Ne3 Be7 13. Nc4 0-0 14. d3 c5 15. e4 Ba6 16. Rd1 Nb8 17. b3 Nc6 18. Bb2 Qc7 19. Nfe5 Bxc4 20. Nxc4 Rfd8 21. f4 Nd4 22. Bxd4 Rxd4 23. Rf1 Nd7 24. Rad1 Nb8 25. e5 Rcd8 26. f5 exf5 27. Rxf5 Nd7 28. Rdf1 f6 29. Qe2 Nf8 30. Be4 Kh8 31. exf6 Bxf6 32. Qf3 Re8 33. Nxa5 Ne6 34. Nc4 Rxc4 35. bxc4 Nd4 36. Qg4 Nxf5 37. Qxf5 Bd4+ 38. Kg2 g6 39. Qd5 Rd8 40. Qe6 Qd6 41. Qf7 b3 42. a5 b2 43. Bb7 Bg7 44. Bd5 Rf8 45. Qb7 Rb8 46. Qf7 Qe5 47. a6 Qe2+ 48. Qf2 Qxf2+ 49. Kxf2 b1Q 50. Rxb1 Rxb1 51. a7 1/2-1/2

[Event "Gibraltar Masters 14th"]
[Site "Caleta"]
[Date "2016.01.31"]
[Round "6"]
[White "Pogonina, Natalija"]
[Black "Galinsky, Timofey"]
[Result "1/2-1/2"]
[WhiteElo "2454"]
[BlackElo "2379"]
[PlyCount "83"]
[EventDate "2016.01.26"]
[EventType "swiss"]
[EventRounds "10"]
[EventCountry "GGB"]
[SourceTitle "CBM 171"]
[Source "ChessBase"]
[SourceDate "2016.03.14"]
[SourceVersion "2"]
[SourceVersionDate "2016.03.14"]
[SourceQuality "1"]

1. e4 e6 2. d4 d5 3. Nd2 Nc6 4. Ngf3 Nf6 5. e5 Nd7 6. Bd3 Nb4 7. Be2 c5 8. c3 Nc6 9. 0-0 Be7 10. Nb3 c4 11. Nbd2 b5 12. b3 Bb7 13. a4 a6 14. Ba3 0-0 15. Qc1 Rc8 16. Qb2 Bxa3 17. Rxa3 b4 18. cxb4 c3 19. Qxc3 Qe7 20. Qb2 Nxb4 21. Raa1 Rc2 22. Qa3 Rfc8 23. Rfc1 Nb8 24. Bd1 R2c3 25. Rxc3 Rxc3 26. a5 Kf8 27. Rb1 Nd3 28. Qxe7+ Kxe7 29. Kf1 Bc6 30. Ne1 Bb5 31. Be2 Nc6 32. Ndf3 Nxe1 33. Kxe1 Nxa5 34. Bxb5 axb5 35. Ra1 Nxb3 36. Ra7+ Ke8 37. Rb7 Rc4 38. Rxb5 Nxd4 39. Rb8+ Kd7 40. Nxd4 Rxd4 41. Rb7+ Ke8 42. Rb8+ 1/2-1/2

[Event "Gibraltar Masters 14th"]
[Site "Caleta"]
[Date "2016.01.29"]
[Round "4"]
[White "Demuth, Adrien"]
[Black "Galinsky, Timofey"]
[Result "1-0"]
[WhiteElo "2535"]
[BlackElo "2379"]
[PlyCount "75"]
[EventDate "2016.01.26"]
[EventType "swiss"]
[EventRounds "10"]
[EventCountry "GGB"]
[SourceTitle "CBM 171"]
[Source "ChessBase"]
[SourceDate "2016.03.14"]
[SourceVersion "2"]
[SourceVersionDate "2016.03.14"]
[SourceQuality "1"]

1. c4 e6 2. Nf3 d5 3. g3 dxc4 4. Na3 Nf6 5. Bg2 Bxa3 6. bxa3 b5 7. Ng5 c6 8. Bb2 Bb7 9. Qc2 Nbd7 10. a4 a6 11. axb5 axb5 12. a4 Nc5 13. 0-0 Nxa4 14. Ba3 Qc7 15. Rfb1 h6 16. Ne4 Nxe4 17. Qxe4 Rd8 18. Bb4 Ba8 19. Rxa4 bxa4 20. Bc5 Qd7 21. Qxc4 f6 22. d4 Kf7 23. f4 g6 24. Bf3 Rb8 25. Ra1 Bb7 26. h4 h5 27. Rxa4 Ra8 28. Rb4 Ba6 29. Qc2 Rhb8 30. Rxb8 Rxb8 31. Bxh5 f5 32. Bf3 Qb7 33. Kf2 Qb5 34. Qd2 Rh8 35. Qe3 Qb8 36. Bxc6 Bc4 37. d5 Rd8 38. Qxe6+ 1-0

[Event "Fagernes Norsk op-A"]
[Site "Fagernes"]
[Date "2015.04.01"]
[Round "5"]
[White "Paulet, Iozefina"]
[Black "Galinsky, Timofey"]
[Result "1/2-1/2"]
[WhiteElo "2205"]
[BlackElo "2411"]
[PlyCount "141"]
[EventDate "2015.03.29"]
[EventType "swiss"]
[EventRounds "9"]
[EventCountry "NOR"]
[SourceTitle "CBM 165 Extra"]
[Source "ChessBase"]
[SourceDate "2015.04.21"]
[SourceVersion "1"]
[SourceVersionDate "2015.04.21"]
[SourceQuality "1"]

1. e4 e6 2. d4 d5 3. Nc3 Nf6 4. e5 Nfd7 5. f4 c5 6. Nf3 Nc6 7. Be3 Be7 8. Qd2 0-0 9. dxc5 Nxc5 10. 0-0-0 a6 11. Qf2 b6 12. f5 Kh8 13. fxe6 fxe6 14. Qg3 Qc7 15. Kb1 Bd7 16. h4 Rac8 17. Bd3 Nxd3 18. cxd3 b5 19. h5 d4 20. Nxd4 Qxe5 21. Qxe5 Nxe5 22. h6 g6 23. Ne4 Ng4 24. Bg1 e5 25. Nf3 Be6 26. Bh2 Kg8 27. Rde1 Bb4 28. Re2 Bd5 29. Bg3 Nf6 30. Nxf6+ Rxf6 31. Nxe5 Rcf8 32. a3 Bd6 33. Rhe1 g5 34. d4 Bc4 35. Re3 Rxh6 36. Nxc4 bxc4 37. Rc1 Bf4 38. Bxf4 gxf4 39. Rec3 Rg6 40. R1c2 Rc8 41. Rf2 Rg4 42. Rcf3 Kf7 43. Rxf4+ Rxf4 44. Rxf4+ Ke6 45. Kc2 Rg8 46. g4 Rb8 47. g5 Kd5 48. Rh4 Rb7 49. Rh6 a5 50. Ra6 Kxd4 51. Rxa5 Rf7 52. Ra8 Rf2+ 53. Kb1 Rg2 54. Rd8+ Kc5 55. Rh8 Rxg5 56. Rxh7 Rg2 57. Rc7+ Kb5 58. Rb7+ Kc6 59. Rb8 Kc5 60. a4 Rg1+ 61. Ka2 Rg2 62. a5 c3 63. a6 Rg6 64. Rc8+ Kb6 65. bxc3 Kxa6 66. Kb3 Kb6 67. Kb4 Rg4+ 68. c4 Rg1 69. Rb8+ Kc6 70. Rc8+ Kb6 71. c5+ 1/2-1/2

[Event "Fagernes Norsk op-A"]
[Site "Fagernes"]
[Date "2015.03.31"]
[Round "4"]
[White "Galinsky, Timofey"]
[Black "Merkesvik, Sondre"]
[Result "1/2-1/2"]
[WhiteElo "2411"]
[BlackElo "2135"]
[PlyCount "86"]
[EventDate "2015.03.29"]
[EventType "swiss"]
[EventRounds "9"]
[EventCountry "NOR"]
[SourceTitle "CBM 165 Extra"]
[Source "ChessBase"]
[SourceDate "2015.04.21"]
[SourceVersion "1"]
[SourceVersionDate "2015.04.21"]
[SourceQuality "1"]

1. d4 Nf6 2. Nf3 g6 3. c3 Bg7 4. Bf4 d5 5. h3 0-0 6. Nbd2 b6 7. e3 c5 8. Be2 Nc6 9. 0-0 e6 10. a4 Qe7 11. Ne5 Bb7 12. Ndf3 Ne4 13. Nxc6 Bxc6 14. a5 b5 15. Ne5 Be8 16. f3 Nf6 17. g4 Rc8 18. Bg3 c4 19. Qc2 b4 20. cxb4 Qxb4 21. Be1 Qb7 22. a6 Qb8 23. Kg2 Nd7 24. f4 f6 25. Nf3 e5 26. fxe5 fxe5 27. Bg3 Bf7 28. Ng5 Qb6 29. Bf3 e4 30. Be2 Be8 31. Rxf8+ Nxf8 32. h4 Bb5 33. Nh3 Ne6 34. g5 Rd8 35. Be1 h5 36. gxh6 Bxh6 37. Ra3 Rc8 38. Bg4 Bd7 39. Qe2 Rb8 40. Bc3 Qd8 41. Be1 Qb6 42. Bc3 Qd8 43. Be1 Qb6 1/2-1/2